Guess the Disney movie from the songs - Statistics

General Stats
  • This quiz has been taken 332 times
  • The average score is 10 of 13
Answer Stats
Hint Answer % Correct
I cant wait to be king Lion king
99%
A Whole new world Aladdin
95%
Let it go Frozen
95%
Gaston Beauty and the Beast
92%
You've got a Friend in Me Toy story
92%
Under the sea Little mermaid
87%
The bare necessities Jungle book
79%
Reflection Mulan
78%
Zero to hero Hercules
73%
Almost there The Princess and the frog
70%
Let's go Fly a Kite Mary Poppins
50%
Zip-a-dee-doo-dah Song of the South
26%
Portobello Road Bedknobs and broomsticks
20%
No matching quizzes found
Score Distribution
Percent of People with Each Score
Percentile by Number Answered
Your Score History
You have not taken this quiz